| 000 | 00379nam a22001451a 4500 | ||
|---|---|---|---|
| 082 |
_aH100 9 _bKUM/B |
||
| 245 |
_aBhakti andolan: _bthihas aur sanskriti/ _cby Kumvarpal Singh (ed.) |
||
| 260 |
_aNew Delhi: _bVani, _c1995. |
||
| 300 | _a286p. | ||
| 650 | _aPoetry Hindi Study | ||
| 650 | _aLiterature Hindi | ||
| 650 | _aLiterature | ||
| 700 | _aKumvarpal Singh (ed.) | ||
| 942 | _cBK | ||
| 999 |
_c4668 _d4668 |
||